The Elderly and their families, 1979-94: changing networks and relationships. = Los Ancianos y la familia, 1979-94: cambios en los núcleos y en las relaciones familiares /
Este artículo analiza los cambios acontecidos en el seno familiar de varias personas de edad avanzada durante yun período de 15 años, así como las relaciones entre éstas y sus familiares. Los datos obtenidos proceden de dos encuestas transversales efectuadas en 1979 y en 1994 a un grupo de personas...
Guardat en:
| Autor principal: | |
|---|---|
| Altres autors: | , , |
| Format: | Text |
| Matèries: | |
| Etiquetes: |
Afegir etiqueta
Sense etiquetes, Sigues el primer a etiquetar aquest registre!
|
MARC
| LEADER | 00000 a a2200000 04500 | ||
|---|---|---|---|
| 001 | 4686 | ||
| 003 | |||
| 040 | |||
| 100 | |a Vollenwyder, Nathalie | ||
| 245 | |a The Elderly and their families, 1979-94: changing networks and relationships. = |b Los Ancianos y la familia, 1979-94: cambios en los núcleos y en las relaciones familiares / |c Nathalie Vollenwyder ; Jean - François Bickel ; Christian Lalive d' Epinay ; Carole Maystre | ||
| 520 | |a Este artículo analiza los cambios acontecidos en el seno familiar de varias personas de edad avanzada durante yun período de 15 años, así como las relaciones entre éstas y sus familiares. Los datos obtenidos proceden de dos encuestas transversales efectuadas en 1979 y en 1994 a un grupo de personas de edades comprendidas entre los 65 y los 94 años escogidos al azar. Las encuestas fueron realizadas en Suiza y los resultados muestran una ampliación del círculo familiar y una fuerte disminución en el número de las familias sin hijos en los núcleos urbanos. Asimismo los lazos familiares se han multiplicado | ||
| 650 | |a FAMILIA | ||
| 650 | |a ANCIANOS | ||
| 650 | |a RELACIONES HUMANAS | ||
| 650 | |a ZONAS URBANAS | ||
| 650 | |a ZONAS RURALES | ||
| 700 | |a Bickel, Jean - François | ||
| 700 | |a Lalive d' Epinay, Christian | ||
| 700 | |a Maystre, Carole | ||
| 773 | |g volumen 50, número 2; páginas 263-280 | ||
| 999 | |c 29514 |d 29514 | ||
